Optimalizácia konštrukcie dezintegračného stroja : dizertačná práca

Saved in:
Bibliographic Details
Main Author: Beniak, Juraj, 1974- (Author)
Format: Book
Language:Slovak
Published: Bratislava : STU v Bratislave SjF, 2008
Subjects:
Tags: Add Tag
No Tags, Be the first to tag this record!

MARC

LEADER 00000nam a22000003a 4500
001 stu157509
005 20150617230013.1
008 080207s2008------------------------slo-d
040 |a STU  |b slo 
041 0 |a slo 
080 |a 621.926.4 
080 |a 519.673 
100 1 |a Beniak, Juraj,  |d 1974-  |4 aut  |u J0070  |9 100  |U SjF Strojnícka fakulta  |T SjF Ústav výrobných systémov, enviromentálnej techniky a manažment kvality  |X 2226  |U J0070  |Y 804  |7 A000002226 
245 1 |a Optimalizácia konštrukcie dezintegračného stroja :  |b dizertačná práca 
260 |a Bratislava :  |b STU v Bratislave SjF,  |c 2008 
300 |a 171 s 
650 7 |a dezintegrácia  |2 stusub 
650 7 |a matematické modelovanie  |2 stusub 
996 |b 284J033448  |c J*109248  |l JJST  |s P  |a 0  |w stu157509_0001